| 000 | 00356pam a2200157a 44500 | ||
|---|---|---|---|
| 008 | 230515b2009 xxu||||| |||| 00| 0 eng d | ||
| 020 | _aNULL | ||
| 041 | _aENGLISH | ||
| 082 | _a510 | ||
| 100 | _aGREENBERG M D | ||
| 245 | _aADVANCED ENGINEERING MATHEMATICS | ||
| 250 | _a1 | ||
| 260 |
_a _bPEARSON EDUCATION _c2009 |
||
| 300 | _a1346 | ||
| 650 | _aNULL | ||
| 999 |
_c636298 _d636298 |
||